| 000 | 01566nam a2200289 a 4500 | ||
|---|---|---|---|
| 001 | BRCA_2398 | ||
| 005 | 20190320203805.0 | ||
| 008 | 111108s1673----be-a---###---#000-0#spa-u | ||
| 041 | _aspa | ||
| 044 | _abe | ||
| 084 |
_a039 _b.V473 _c1673 |
||
| 100 | 1 |
_aCervantes Saavedra, Miguel de _d1547-1616 _9213 |
|
| 245 | 1 | 0 |
_aVida y hechos del Ingenioso Cavallero Don Quixote de la Mancha _ccompuesta por Miguel de Cervantes Saavedra. |
| 260 |
_aAmberes (Bélgica) _bGeronymo y Juanbautista Verdussen _c1673 |
||
| 300 |
_a2 v. _bil. _c23 cm. |
||
| 500 | _aEdición : Nueva edición corregida y ilustrada con 32 diferentes estampas muy donosas y apropiadas a la materia | ||
| 500 | _aContenido : v 1. Prólogo del autor. Versos preliminares. Aprovación para la edición de 1605 de Valencia. Suma del Privilegio para esta edición. Texto. -- v 2. Prólogo del autor. Aprovación y licencia de la edición príncipe. Suma del Privilegio para la presente edición | ||
| 500 | _aPrimera edición de Amberes. Copia de la bruselense de 1662. Ilustrada con láminas grabadas en cobre por Fred. Bouttats. Ejemplar bien conservado, encuadernado en pergamino. Impresión, tipos y papel muy buenos Lúdovik Osterc | ||
| 500 | _aQM25 | ||
| 650 | 1 | 4 |
_aNovela española _yÉpoca clásica, 1500-1700 _9215 |
| 650 | 1 | 4 |
_aLiteratura española _yÉpoca clásica, 1500-1700 _9216 |
| 650 | 1 | 4 |
_aNovela española _ySiglo XVII _9217 |
| 650 | 1 | 4 |
_aDon Quijote (Personaje ficticio) _eNovela _9218 |
| 740 | 0 | _aEl Ingenioso Hidalgo Don Quijote de la Mancha | |
| 902 | _aQFM | ||
| 942 |
_2lcc _cB |
||
| 999 |
_c2139 _d2139 |
||